How to negotiate effectively

Bibliographic Details
Main Author: Oliver, David , 1951-
Format: Book
Published: London : Kogan Page , 2003
Series:Creating success
Subjects:

MARC

LEADER 00000cam a2200000 7i4500
001 0000003240
005 20050324.0
020 0 0 |a 0749438908 
090 0 0 |a 658.4052   |b OLI 
100 0 0 |a Oliver, David ,   |d 1951- 
240 0 0 |a 101 ways to negotiate more effectively 
245 0 0 |a How to negotiate effectively   |c David Oliver. 
260 0 0 |a London :   |b Kogan Page ,   |c 2003 
300 |a x, 128 p. ;   |c 22 cm. 
440 0 0 |a Creating success 
650 0 0 |a Negotiation in business 
999 |a 0000006151   |b Monograph   |c Open Shelf   |e Default branch